| 000 | 01220nam0a22002891 4500 | ||
|---|---|---|---|
| 001 | rc\3584617 | ||
| 005 | 20250610075127.0 | ||
| 021 |
_aRU _b[72-40056] |
||
| 035 | _a(NLR Aleph) 007805936 | ||
| 090 |
_a7697885 _c7697885 |
||
| 100 | _a20130115d1972 |||y0rusy50 ca | ||
| 101 | 0 | _arus | |
| 102 | _aRU | ||
| 105 | _aa z |||a| | ||
| 200 | 1 |
_aПод пионерским знаменем _eВоспоминания, очерки, рассказы о полувековом пути пионерской организации Мордовии. 1922-1972 _e[Для детей] |
|
| 210 |
_aСаранск _cМорд. кн. изд-во _d1972 |
||
| 215 |
_a223 с. _cил. _d20 |
||
| 225 | 1 | _a[Пятидесятилетию пионерии посвящается] | |
| 300 | _aНа обороте тит. л. сост.: В.И. Лопатова, Н.Н. Сластухин | ||
| 606 |
_aПионерские организации _yМССР _xИстория (д. л.) _2psbo |
||
| 702 | 1 |
_aЛопатова _bВ.И. _gВалентина Ивановна _4220 |
|
| 702 | 1 |
_aСластухин _bН.Н. _4220 |
|
| 801 | 0 |
_aRU _bNLR _gpsbo |
|
| 801 | 1 |
_aRU _bELAR _2rusmarc |
|
| 852 |
_aNLR _j72-3/5024 |
||
| 942 | _cBOOK | ||
| 980 | _aNB | ||